01648cam a2200409 i 450000100090000000300040000900500170001300800410003001000170007102000180008802500190010603700530012504000290017804200100020704300120021705000250022908200190025410000320027324501030030526400350040830000450044333600260048833700280051433800270054250400670056965000400063665000410067665000310071765100420074865100340079065100340082490600450085894200440090395201370094795201370108499900170122118466601OSt20200515113617.0150128s2014 ii a b 001 0 eng  a 2014360883 a9781138020160 aI-E-2014360883 bLibrary of Congress -- New Delhi Overseas Office aDLCbengcoclcerdadDLC alcode aa-ii---00aDS432.M84bA357 2014 a954.035bAHM/M aAhmed, Hilaleauthor.9175710aMuslim political discourse in postcolonial India :bmonuments, memory, contestation /cHilal Ahmed 1aNew Delhi :bRoutledge,c2014. axvi, 328 pages :billustrations ;c23 cm atextbtxt2rdacontent aunmediatedbn2rdamedia avolumebnc2rdacarrier aIncludes bibliographical references (pages 290-315) and index. 0aMuslimsxPolitical activityzIndia. 0aMonumentsxPolitical aspectszIndia. 0aIslam and politicszIndia. 0aIndiaxPolitics and governmenty1947- 0aIndiaxHistoryy20th century. 0aIndiaxHistoryy21st century. a7bparcorigoded3encipf20gy-gencatlg 2ddccBKh954.035iAHM/Mk954.035mAHM/M 00102ddc40708HISTORYaMESbMEScISLd2019-02-20g850.00l0o954.035 AHM/Mp38101r2019-02-20 00:00:00t1w2019-02-20yBKzGL44R2 00102ddc40708HISTORYaMESbMEScISLd2019-02-20g850.00l0o954.035 AHM/Mp39193r2019-02-20 00:00:00t2w2019-02-20yBKzGL44R2 c35000d35000